000 00344nam a22001457a 4500
003 OSt
005 20160727222400.0
008 160623b xxu||||| |||| 00| 0 eng d
040 _cTEST
100 _9669
_aFoote, E.C
245 _aA Very Special Spring
260 _aTen
_bBroadman Press
_c1943
300 _aA Very Special Spring
942 _2ddc
_cBK
999 _c543
_d543